| 000 | 00490nam a2200133Ia 4500 | ||
|---|---|---|---|
| 008 | 170221s9999 xx 000 0 und d | ||
| 100 | _aCristi Tilden | ||
| 245 | _aEmpirical evidence of financial statement manipulation during economic recessions | ||
| 245 | _cCristi Tilden, Deloitte, LLP; Troy Janes, Rutgers University-Camden. | ||
| 260 | _bJournal of Management and Marketing Research | ||
| 260 | _c2014 | ||
| 650 | _xBusiness | ||
| 856 | _uhttp://www.aabri.com/manuscripts/121125.pdf | ||
| 999 |
_c309501 _d309501 |
||